| 000 | 00820nam a22002417a 4500 | ||
|---|---|---|---|
| 003 | OSt | ||
| 005 | 20251222152342.0 | ||
| 008 | 251222b |||||||| |||| 00| 0 eng d | ||
| 020 | _a9789814843775 (pbk) | ||
| 020 | _a9789814843799 (pdf) | ||
| 040 | _cDCL | ||
| 041 | _aEnglish | ||
| 082 | _a355.00951 | ||
| 100 | 1 | _aSelth, Andrew | |
| 245 | 1 | 0 |
_aSecrets and power in Myanmar : _bintelligence and the fall of General Khin Nyunt / _cby Andrew Selth. |
| 260 |
_aSingapore : _bASEAS Publishing, _c2019. |
||
| 300 |
_avvxii,247 pages : _billustrations, maps ; _c20 cm. |
||
| 500 | _aIncludes bibliographical references and index. | ||
| 504 | _aIncludes bibliographical references and index. | ||
| 650 |
_aMilitary intelligence _xMyanmar |
||
| 651 |
_aMyanmar _xArmed Forces |
||
| 942 |
_2ddc _cSHORT TERM _n0 |
||
| 999 |
_c2785 _d2785 |
||